000 01450cam a22002655a 4500
001 L158837
008 150807s2015 xxk f 000 0 eng d
035 _a(Sirsi) u158837
041 0 _aeng
100 1 _aThompson, Adrian
245 0 4 _aThe Heat Network Regulations
_bAnother duty for landlords
260 _c2015
490 0 _aLetting Update Journal
_v23 (2) July 2015, 20-21(3)
520 _aOutlines the duties of landlords and managing agents of residential properties which have communal heating systems and where tenants pay their bills individually . The Heat Network (Metering and Billing) Regulations 2014 amended by the Heat Network (Metering and Billing) (Amendment) Regulations 2015 requires landlords and managing agents as the heater supplier to submit the required data about their heating systems to the National Measurement and Regulation Office by 31 December 2015 and to install individual meters in the properties by 31 December 2016 and provide tenants with their own bills showing their annual energy use consumption.
590 _aKA
650 2 4 _aHEAT NETWORK (METERING AND BILLING) (AMENDMENT) REGULATIONS 2015
650 2 4 _aHEAT NETWORK (METERING AND BILLING) REGULATIONS 2014
650 4 _aCOMMUNAL HEATING
651 4 _aENGLAND AND WALES
690 _aProperty management
_96262
690 _aLandlord and tenant
_96252
690 _aResidential property
_96266
690 _aEnergy
_96237
942 _n0
999 _c115534
_d115534